| 000 | 00435nam a22001697a 4500 | ||
|---|---|---|---|
| 005 | 20180630163633.0 | ||
| 008 | 160601b xxu||||| |||| 00| 0 eng d | ||
| 020 | _a81-259-0337-2 | ||
| 041 | _aeng | ||
| 082 |
_b6558 _a658 |
||
| 100 |
_aChandan, J.S. _9989 |
||
| 245 | _aManagement, Concepts and Strategics | ||
| 260 |
_aNew Delhi _bVikas Publishing House (P) Ltd. _c2004 |
||
| 300 | _a539 | ||
| 650 |
_aManagement _9241 |
||
| 942 | _cBK | ||
| 999 |
_c2307 _d2306 |
||